000 00320nam a2200133Ia 4500
008 100328s9999 xx 000 0 und d
082 _b73207
100 _aSharma Robin.
245 _aThe Greatness Guide-2
260 _bJaico.
630 _aThe Greatness Guide-2
730 _aThe Greatness Guide-2
942 _cBOOK
999 _c558928
_d558925